| 000 | 00504nam a2200181Ia 4500 | ||
|---|---|---|---|
| 999 |
_c13933 _d13933 |
||
| 003 | OSt | ||
| 005 | 20201016123334.0 | ||
| 008 | 190216s9999||||xx |||||||||||||| ||und|| | ||
| 020 | _a97800099663614 | ||
| 040 | _coclc | ||
| 082 |
_a364.1066 _bCAR/S |
||
| 100 |
_aCarcaterra, Lorenzo _95801 |
||
| 245 | 0 |
_aSleepers / _cLorenzo Carcaterra |
|
| 260 |
_bArrow Books, _c1995. _aUK: |
||
| 300 | _a372p | ||
| 650 | _aEnglish Novel | ||
| 942 |
_cBK _2ddc _h364.1066 _iCAR/S _k364.1066 _mCAR/S |
||